New dictionary of Christian apologetics / (Record no. 1023)
[ view plain ]
| 000 -LEADER | |
|---|---|
| fixed length control field | 01171cam a22003014a 4500 |
| 001 - CONTROL NUMBER | |
| control field | 14313260 |
| 003 - CONTROL NUMBER IDENTIFIER | |
| control field | GBCCL |
| 005 - DATE AND TIME OF LATEST TRANSACTION | |
| control field | 20241126110351.0 |
| 008 - FIXED-LENGTH DATA ELEMENTS--GENERAL INFORMATION | |
| fixed length control field | 060324s2006 ilu bd 001 0 eng |
| 010 ## - | |
| -- | 2006010084 |
| 020 ## - INTERNATIONAL STANDARD BOOK NUMBER | |
| International Standard Book Number | 9780830824519 (cloth : alk. paper) |
| 020 ## - INTERNATIONAL STANDARD BOOK NUMBER | |
| International Standard Book Number | 0830824510 (cloth : alk. paper) |
| 040 ## - CATALOGING SOURCE | |
| Original cataloging agency | DLC |
| Transcribing agency | DLC |
| Modifying agency | DLC |
| 042 ## - | |
| -- | pcc |
| 050 00 - | |
| -- | BT1103 |
| -- | .N48 2006 |
| 082 00 - DEWEY DECIMAL CLASSIFICATION NUMBER | |
| Classification number | 239.03 |
| Edition information | 22 |
| Item number | CAM |
| 245 00 - TITLE STATEMENT | |
| Title | New dictionary of Christian apologetics / |
| Statement of responsibility, etc. | Gavin J. McGrath and W.C. Campbell-Jack, editors ; C. Stephen Evans, consulting editor. |
| 260 ## - PUBLICATION, DISTRIBUTION, ETC. | |
| Place of publication, distribution, etc. | Downers Grove, Ill. : |
| Name of publisher, distributor, etc. | IVP Academic, |
| Date of publication, distribution, etc. | c2006. |
| 300 ## - PHYSICAL DESCRIPTION | |
| Extent | xx, 779 p. ; |
| Dimensions | 26 cm. |
| 504 ## - BIBLIOGRAPHY, ETC. NOTE | |
| Bibliography, etc. note | Includes bibliographical references and indexes. |
| 650 #0 - SUBJECT ADDED ENTRY--TOPICAL TERM | |
| Topical term or geographic name entry element | Apologetics |
| Form subdivision | Dictionaries. |
| 9 (RLIN) | 1746 |
| 700 1# - ADDED ENTRY--PERSONAL NAME | |
| Personal name | McGrath, Gavin. |
| 9 (RLIN) | 1747 |
| 700 1# - ADDED ENTRY--PERSONAL NAME | |
| Personal name | Campbell-Jack, Walter Campbell. |
| 9 (RLIN) | 1748 |
| 700 1# - ADDED ENTRY--PERSONAL NAME | |
| Personal name | Evans, C. Stephen. |
| 9 (RLIN) | 1749 |
| 906 ## - LOCAL DATA ELEMENT F, LDF (RLIN) | |
| a | 7 |
| b | cbc |
| c | orignew |
| d | 1 |
| e | ecip |
| f | 20 |
| g | y-gencatlg |
| 942 ## - ADDED ENTRY ELEMENTS (KOHA) | |
| Source of classification or shelving scheme | Dewey Decimal Classification |
| Koha item type | Reference Books |
| Withdrawn status | Lost status | Source of classification or shelving scheme | Damaged status | Not for loan | Home library | Current Library | Shelving location | Date acquired | Total checkouts | Full call number | Barcode | Date last seen | Copy number | Price effective from | Koha item type |
|---|---|---|---|---|---|---|---|---|---|---|---|---|---|---|---|
| Dewey Decimal Classification | GRACE BIBLE COLLEGE | GRACE BIBLE COLLEGE | Dictionary | 2017-04-05 | 239.03 CAM | 014028 | 2025-05-01 | c.1 | 2017-04-05 | Reference Books |